000 00656nam a22001937a 4500
003 BUBTL
008 180101b xxu||||| |||| 00| 0 eng d
020 _a978-984-8933-51-0
082 _a891.443/ Ah52d/ 1992
100 _91703
_aআহমেদ,হুমায়ূন
245 _aদরজার ওপাশে /
_cহুমায়ূন আহমেদ
250 _a1st ed.
260 _aঢাকা :
_bজ্ঞানকোষ প্রকাশনী,
_cc1992
300 _a118 p. :
_c22 cm.
650 0 _91704
_aবাংলা সাহিত্য
856 _k0
_l0
_yDownload
942 _2ddc
_cBK
999 _c5633
_d5633